000 00633nam a2200241Ia 4500
003 OSt
005 20221007074649.0
006 a|||||r|||| 00| 0
007 ta
008 221006b |||||||| |||| 00| 0 eng d
024 _a1,608
037 _cReference Collections
040 _aFLL
_cFLL
_beng
041 _2eng
_aeng
082 _aXM55:Z2, M0
100 _aRamaiya A.
245 0 _aGuide to the companies act
250 _a9th
260 _aNagpur
_bWadhwa and Company India
_c1980
650 _aCompany law
942 _hXM55:Z2, M0
_cREF
_2CC
999 _c1153259
_d1153259